Central Library OPAC University of Rajshahi

The neomycins and related antibiotics / (Record no. 66392)

MARC details
000 -LEADER
fixed length control field 00924nam a2200289 a 4500
001 - CONTROL NUMBER
control field 66392
003 - CONTROL NUMBER IDENTIFIER
rucl marc code BD-RjUL
005 - DATE AND TIME OF LATEST TRANSACTION
control field 20211209081534.0
008 - FIXED-LENGTH DATA ELEMENTS--GENERAL INFORMATION
fixed length control field 170315s1964 enk 001 0 eng d
035 ## - SYSTEM CONTROL NUMBER
System control number (BD-RjUL)66522
040 ## - CATALOGING SOURCE
Original cataloging agency NLM
Transcribing agency NLM
Modifying agency TOL
-- MCS
-- UKM
-- BD-RjUL
Language of cataloging eng
041 ## - LANGUAGE CODE
Language code of text/sound track or separate title eng
060 00 - NATIONAL LIBRARY OF MEDICINE CALL NUMBER
Classification number QV 350
Item number R579n 1964
082 ## - DEWEY DECIMAL CLASSIFICATION NUMBER
Classification number 547.76
Edition number 23
Author mark and year RIN 1964
100 10 - MAIN ENTRY--PERSONAL NAME
Personal name Rinehart, Kenneth L.
9 (RLIN) 196481
245 14 - TITLE STATEMENT
Title The neomycins and related antibiotics /
Statement of responsibility, etc. Kenneth L. Rinehart
260 ## - PUBLICATION, DISTRIBUTION, ETC. (IMPRINT)
Place of publication, distribution, etc. New York :
Name of publisher, distributor, etc. Wiley,
Date of publication, distribution, etc. c1964
300 ## - PHYSICAL DESCRIPTION
Pagination xii, 137 p. :
Illustrations ill. ;
Size 16 cm.
490 1# - SERIES STATEMENT
Series statement E.R. Squibb lectures on chemistry of microbial products
Volume/sequential designation 1961
500 ## - GENERAL NOTE
General note Includes index.
650 #2 - SUBJECT ADDED ENTRY--TOPICAL TERM
Topical term or geographic name as entry element Antibiotics.
9 (RLIN) 196468
Topical term or geographic name as entry element Neomycin.
9 (RLIN) 196482
Topical term or geographic name as entry element Neomycin.
9 (RLIN) 196482
Topical term or geographic name as entry element Antibiotics.
9 (RLIN) 196468
830 #0 - SERIES ADDED ENTRY--UNIFORM TITLE
Uniform title E.R. Squibb lectures on chemistry of microbial products
Volume number/sequential designation 1961
942 ## - ADDED ENTRY ELEMENTS (KOHA)
Source of classification or shelving scheme Dewey Decimal Classification
Koha item type Books
Holdings
Lost status Source of classification or shelving scheme Damaged status Not for loan Collection code Permanent Location Current Location Shelving location Date acquired Source of acquisition Cost, normal purchase price Total Checkouts Full call number Date last seen Copy number Koha item type
  Dewey Decimal Classification   Not For Loan Non-fiction Central Library, University of Rajshahi Central Library, University of Rajshahi Reading Room 15/08/1967 Book review E. pakistan 30.00   547.76 RIN 1964 15/03/2017 C-1 Books